书目信息 |
| 题名: |
世界面具艺术
|
|
| 作者: | 沈福馨 , 周林生 编 | |
| 分册: | ||
| 出版信息: | 北京 人民美术出版社 1994.6 |
|
| 页数: | 58页 | |
| 开本: | 21cm | |
| 丛书名: | ||
| 单 册: | ||
| 中图分类: | J528.3 | |
| 科图分类: | ||
| 主题词: | 假面具--中国 | |
| 电子资源: | ||
| ISBN: | 7-102-01106-7 | |
| 000 | 00588nam0 2200205 45 | |
| 001 | 0002291463 | |
| 005 | 20041125145901.5 | |
| 010 | @a7-102-01106-7@dCNY16.50 | |
| 100 | @a20000229d1994 km y0chiy0120 ea | |
| 101 | @achi | |
| 105 | @a z 000yy | |
| 200 | 1 | @a世界面具艺术@AShi Jie Mian Ju Yi Shu@f沈福馨,周林生编@FShen Fu Xin,Zhou Lin Sheng Bian |
| 210 | @a北京@c人民美术出版社@d1994.6 | |
| 215 | @a58页@c插图@d21cm | |
| 606 | 0 | @a假面具@y中国 |
| 690 | @aJ528.3@v1 | |
| 701 | 0 | @a沈福馨@4编 |
| 701 | 0 | @a周林生@4编 |
| 801 | @aCN@bTSTC@c20000229 | |
| 905 | @b285303-304@dJ528.3@e47@f2 | |
| 世界面具艺术/沈福馨,周林生编.-北京:人民美术出版社,1994.6 |
| 58页:插图;21cm |
| ISBN 7-102-01106-7:CNY16.50 |
| ● |
| 相关链接 |
|
|
|
|
正题名:世界面具艺术
索取号:J528.3/47
 
预约/预借
| 序号 | 登录号 | 条形码 | 馆藏地/架位号 | 状态 | 备注 |
| 1 | 0285303 | 002853031 | 第一借阅区/ [索取号:J528.3/47] | 在馆 | |
| 2 | 0285304 | 002853040 | 第一样本阅览室/ [索取号:J528.3/47] | 在馆 |